000 00226nam a2200097Ia 4500
001 689476
005 20250826161635.0
008 250824s9999 xx 000 0 und d
245 0 _aKOVAN
_cLALINE PAULL
260 _bMARTI YAYINLARI
999 _c689476
_d689476